000 00412nam a2200133Ia 4500
008 100328s9999 xx 000 0 und d
082 _b47755
100 _aऔरंगाबादकर अनुराधा
245 _a105 पराठे
260 _bश्याम दयार्णव कोपर्डेकर
630 _a105 पराठे
730 _a105 पराठे
942 _cBOOK
999 _c535480
_d535477